[Event "Sochi ChessAmateur op10"]
[Site "Sochi"]
[Date "2018.10.13"]
[Round "2"]
[White "Ubiennykh, Ekaterina"]
[Black "Abakarov, Alexander"]
[Result "1-0"]
[WhiteElo "2308"]
[BlackElo "2198"]
[PlyCount "89"]
[EventDate "2018.10.12"]
[EventType "swiss"]
[EventRounds "9"]
[EventCountry "RUS"]
[SourceTitle "CBM 187 Extra"]
[Source "ChessBase"]
[SourceDate "2018.11.04"]
[SourceVersion "1"]
[SourceVersionDate "2018.11.04"]
[SourceQuality "1"]

1. d4 Nf6 2. c4 d6 3. Nc3 e5 4. dxe5 dxe5 5. Qxd8+ Kxd8 6. Nf3 Nbd7 7. Rg1 c6 8. g4 h6 9. h4 Bb4 10. Bd2 Re8 11. g5 hxg5 12. hxg5 Bxc3 13. Bxc3 Ne4 14. Ba5+ b6 15. Nd2 Ndc5 16. Nxe4 Nxe4 17. 0-0-0+ Kc7 18. Be1 Be6 19. b3 Rad8 20. Rxd8 Rxd8 21. f3 Nc5 22. Bc3 Nd7 23. Rh1 Bf5 24. Rh4 Rg8 25. Bh3 Bxh3 26. Rxh3 Kd6 27. Bd2 Ke6 28. Be3 c5 29. a3 a5 30. Kc2 Rc8 31. Rh7 g6 32. Kc3 Nb8 33. b4 cxb4+ 34. axb4 axb4+ 35. Kxb4 Nc6+ 36. Kc3 e4 37. Rh4 exf3 38. exf3 Ne5 39. Rf4 b5 40. c5 b4+ 41. Kb3 Rc6 42. Re4 Kd5 43. Rd4+ Kxc5 44. Rd7+ Kb5 45. Rd5+ 1-0